|
|
|
|
| LEADER |
00000cam a2200000 4500 |
| 001 |
vtls012082715 |
| 003 |
SK-MaSNL |
| 005 |
20260301230900.0 |
| 008 |
220107s2021 xo frn 001 0dslo |
| 015 |
|
|
|a SNBA2022/06
|
| 020 |
|
|
|a 9788082450098
|q (brožované)
|
| 040 |
|
|
|a SNK
|b slo
|c SNK
|e rda
|
| 041 |
0 |
|
|a slo
|b eng
|
| 044 |
|
|
|a xo
|c SK
|
| 072 |
|
7 |
|a 821.162.4.09
|x Slovenská literatúra (o nej)
|2 konspekt
|
| 080 |
|
|
|a 82‑1
|2 2011
|
| 080 |
|
|
|a 82(091)
|2 2011
|
| 080 |
|
|
|a 82-95
|2 2011
|
| 080 |
|
|
|a (048.8)
|2 2011
|
| 080 |
|
|
|a 82.09
|2 2011
|
| 080 |
|
|
|a 808.1
|2 2011
|
| 100 |
1 |
|
|a Zumríková Kekeliaková, Monika,
|d 1981-
|4 aut
|9 215532
|
| 245 |
1 |
0 |
|a Poézia Paľa Olivu
|c Monika Zumríková Kekeliaková
|
| 250 |
|
|
|a Prvé vydanie
|
| 264 |
|
1 |
|a Levoča
|b Modrý Peter
|c 2021
|
| 300 |
|
|
|a 205 strán
|c 20 cm
|
| 336 |
|
|
|a text
|b txt
|2 rdacontent
|
| 337 |
|
|
|a bez média
|b n
|2 rdamedia
|
| 338 |
|
|
|a zväzok
|b nc
|2 rdacarrier
|
| 366 |
|
|
|e 400 kusov
|
| 490 |
1 |
|
|a Sivá brada
|v 37. zväzok
|
| 500 |
|
|
|a Obsahuje biografické údaje o autorke a edičnú poznámku
|
| 504 |
|
|
|a Bibliografia na strane 178-193. Bibliografické odkazy. Register
|
| 546 |
|
|
|a Anglické resumé
|
| 600 |
1 |
7 |
|a Oliva, Paľo,
|d 1914-1941
|2 SNKMA
|9 15059
|
| 650 |
0 |
7 |
|a slovenskí básnici
|2 SNKPH
|9 67856
|
| 650 |
0 |
7 |
|a Poetry
|2 SNKPHeng
|9 336087
|
| 650 |
0 |
7 |
|a poézia
|2 SNKPH
|9 1274
|
| 650 |
0 |
7 |
|a literárna história
|2 SNKPH
|9 1136
|
| 650 |
0 |
7 |
|a Literary history
|2 SNKPHeng
|9 274706
|
| 650 |
0 |
7 |
|a Slovak poets
|2 SNKPHeng
|9 303290
|
| 650 |
0 |
7 |
|a Literary criticism
|2 SNKPHeng
|9 265138
|
| 650 |
0 |
7 |
|a literárnovedné rozbory
|2 SNKPH
|9 241582
|
| 650 |
0 |
7 |
|a Literary criticism and history
|2 SNKPH
|9 270823
|
| 650 |
0 |
7 |
|a literárna kritika
|2 SNKPH
|9 1138
|
| 650 |
0 |
7 |
|a literárna tvorba
|2 SNKPH
|9 4226
|
| 650 |
0 |
7 |
|a Literary creation
|2 SNKPHeng
|9 265428
|
| 655 |
|
7 |
|a monografie
|2 SNKPH
|9 70139
|
| 655 |
|
7 |
|a Monographs
|2 SNKPHeng
|9 120675
|
| 830 |
|
0 |
|a Sivá brada
|9 350687
|
| 919 |
|
|
|a 978-80-8245-009-8
|
| 954 |
|
|
|a odborná, vedecká literatúra pôvodná (slovenská)
|2 lita
|
| 958 |
|
|
|a NB
|
| 999 |
|
|
|c 956402
|d 958332
|
| 952 |
|
|
|a SNK
|b SNK
|y PREZ
|7 0
|p 17A1471073
|o snkSD 90457
|i snk2022/354
|8 0
|0 0
|1 0
|4 0
|d 2022-01-07
|f 1
|l 0
|r 2026-02-24 10:03:55
|w 2026-02-24
|
| 952 |
|
|
|a SNK
|b SNK
|y VYP
|7 0
|p 17A1471074
|o snkSD 90457 D1
|i snk2022/355
|8 0
|0 0
|1 0
|4 0
|d 2022-01-07
|l 0
|r 2026-02-24 10:03:55
|w 2026-02-24
|